000 01694pam a2200421 i 4500
001 1398513587
003 DLC
005 20250523125925.0
007 t||
008 240528s2024 nyua b 000 1 eng
010 _a 2023034987
020 _a9780593705513
_qhardcover
020 _a9780593705520
_qlibrary binding
020 _a0593705513
035 _a(OCoLC)1398513587
040 _aDLC
_beng
_erda
_cDLC
_dIMmBT
042 _apcc
_acyac
092 _achildren nonfiction
_bSkeers
100 1 _aSkeers, Linda,
_eauthor.
_4aut.
_96314427
245 1 0 _aEven better than sprinkles :
_ba story about best friends /
_cwritten by Linda Skeers ; illustrated by Heather Fox.
250 _aFirst edition.
264 1 _aNew York :
_bRandom House Studio,
_c[2024]
300 _a1 volume (unpaged) :
_bcolor illustrations ;
_c29 cm.
336 _atext
336 _astill image
337 _aunmediated
338 _avolume
520 _aWhen two best friends get into a tiff, they learn how to repair their friendship with a homemade card with glitter, a special cupcake with sprinkles, and most importantly an apology.
521 _aAges 4-8.
_bRandom House Studio.
650 1 _aApologizing
_vFiction.
_96358545
650 1 _aBest friends
_vFiction.
_95675106
650 1 _aFriendship
_vFiction.
_95673769
650 1 _aPicture books.
655 7 _aPicture books.
_2lcgft.
700 1 _aFox, Heather,
_eillustrator.
_96005271
776 0 8 _iOnline version:
_aSkeers, Linda.
_tEven better than sprinkles
_bFirst edition.
_dNew York : Random House Studio, [2024]
_z9780593705537
_w(DLC) 2023034988.
942 _2ddc
_cBOOK
999 _c408111
_d408111